Tercer espacio : literatura y duelo en América Latina /
Guardat en:
| Autor principal: | |
|---|---|
| Format: | Desconegut |
| Idioma: | Spanish |
| Publicat: |
Santiago :
Universidad Arcis,
1999.
|
| Edició: | 1 edición |
| Matèries: | |
| Etiquetes: |
Afegir etiqueta
Sense etiquetes, Sigues el primer a etiquetar aquest registre!
|
MARC
| LEADER | 000000000a22000000004500 | ||
|---|---|---|---|
| 001 | 014144 | ||
| 020 | |a 9562821587 | ||
| 041 | 0 | |a spa | |
| 082 | 0 | 4 | |a A860.9 |b M835l |
| 100 | 1 | |a Moreiras, Alberto | |
| 245 | 1 | 0 | |a Tercer espacio : |b literatura y duelo en América Latina / |c Alberto Moreiras. |
| 250 | |a 1 edición | ||
| 260 | 1 | |a Santiago : |b Universidad Arcis, |c 1999. | |
| 300 | |a 397 páginas ; |c 21 cm. | ||
| 650 | 4 | |a LITERATURA HISPANOAMERICANA | |
| 650 | 4 | |a SIGLO 20 | |
| 650 | 4 | |a HISTORIA | |
| 650 | 4 | |a CRITICA | |
| 650 | 4 | |a LUTO EN LA LITERATURA | |
| 500 | |a Colección George Yúdice | ||
| 999 | |c 20041 |d 20041 | ||
| 942 | |c BK |h A860.9 M835l |2 z | ||



